00738nab a2200205 uc450000100070000000500170000700800410002403500110006503500210007604000130009704100080011010000400011824500640015865000340022265000240025665000320028070000400031270000340035277301460038691329520240223085628.0050309e20040805 spa  a913295 a(OCoLC)820306865 ccomduadb aspa10aMendez Lopez, Dulce Maria4auteaut10aDisfuncion familiar y control del paciente diabetico tipo 2 7aDiabetes mellitus tipo 22dcs aDinámica familiar aRelación familia-paciente10aGómez López, Víctor4auteaut10aGarcia Ruiz, Martha4auteaut0 tRevista Médica del Instituto Mexicano del Seguro Social (México)gVol. 42, No. 04, Jul.-Ago. 2004, p. 281-284w332961x0443-51170108785